Score 0/17 Timer 02:00
2 Plays Today
Clue 4-Letter Word % Correct
The Santa Maria, for exampleBOAT
83.7%
A clueHINT
83.2%
The handle of a swordHILT
82.4%
Watertight body of a shipHULL
81.6%
Landform that extends above the terrainHILL
81.4%
A main accent or rhythmic unit in musicBEAT
75.6%
The bird on the Canadian dollarLOON
74.1%
☆ Hercules' fourth labor to bring this alive ☆BOAR
67.5%
☆ Hercules' first labor to bring the skin of this ☆LION
64.4%
Clue 4-Letter Word % Correct
A thing that is helpful or beneficialBOON
62.8%
☆ Hercules' seventh labor to capture this Cretan ☆BULL
61.5%
The Mingun or the Liberty, for exampleBELL
60.2%
An unrefined, ill-mannered personBOOR
59%
☆ Hercules' ninth labor to bring Hippolyte's this ☆BELT
56.1%
To fasten or secure with ropeBIND
52.2%
☆ Hercules' third labor to capture this ☆HIND
51.2%
☆ Hercules' sixth labor involved this animal ☆BIRD
40.9%

Today's Daily Dose

Quick Pick
Colorful Movies

Get the Picture
Dog Breeds II

Remove Ads.
Support Sporcle.
Get the best of Sporcle when you Go Orange. This ad-free experience offers more features, more stats, and more fun while also helping to support Sporcle. Thank you for becoming a member.

You're not logged in!

Compare scores with friends on all Sporcle quizzes.
OR
Log In

Show Comments

Extras

Top Quizzes Today


Score Distribution

Your Account Isn't Verified!

In order to create a playlist on Sporcle, you need to verify the email address you used during registration. Go to your Sporcle Settings to finish the process.

Report this User

Report this user for behavior that violates our Community Guidelines.

Details: